000 00364nam a2200157Ia 4500
005 20250106015438.0
008 240331s9999 xx 000 0 und d
082 _bVIE
_a959.7
100 _aVien.N.K
245 0 _aHanoi :
_bVietnamese studies
260 _aHanoi
_bXunhasaba
_c1977
300 _a180 P .,
650 _aPolitical
650 _aCultural
942 _cL
999 _c3487
_d3487